| 000 | 01261cam a2200253 4500 | ||
|---|---|---|---|
| 001 | ABS64223 | ||
| 008 | 010806n2001 000 0 eng u | ||
| 035 | _a(Sirsi) u113968 | ||
| 245 | _aCombating the thaumasite threat to concrete | ||
| 260 | _c2001 | ||
| 490 |
_aConstructing the Future _v(10) Summer 2001, 13-14(2) |
||
| 520 | _aAims to raise the profile of the problem of structures made of concrete which can be damaged by a form of sulfate attack, termed by the BRE, as the thaumasite form of sulfate attack (TSA). Identifies the problems of TSA in building foundations, floor slabs and highway structures. Includes a case study of the 30-year old Tredington-Ashchurch bridge over the M5 in Gloucestershire. To raise international awareness of TSA the BRE is organising the first International Conference on Thaumasite in Cementitious Materials to take place 20-22 June 2002 at BRE headquarters. Contact details given. | ||
| 590 | _aABS | ||
| 650 | _aTHAUMASITE SULPHATE ATTACK | ||
| 650 | _aSULPHATE ATTACK | ||
| 650 | _aCONCRETE | ||
| 650 | _aDETERIORATION | ||
| 650 | _aBRE | ||
| 650 | _aCONFERENCES | ||
| 650 | _aSTRUCTURAL STABILITY | ||
| 650 | _aBUILDING STRUCTURES | ||
| 690 | _aBUILT ENVIRONMENT-BUILDING MATERIALS | ||
| 942 | _n0 | ||
| 999 |
_c67919 _d67919 |
||